|
|
|
|
| LEADER |
01082nam a2200277 a 4500 |
| 001 |
13529526 |
| 008 |
110630s2005 nyua b 001 0 eng |
| 010 |
|
|
|a 2004049246
|
| 020 |
|
|
|a 0195175840 (alk. paper)
|
| 020 |
|
|
|a 0195175832 (pbk. : alk. paper)
|
| 040 |
|
|
|a DLC
|c DLC
|d DLC
|d BD-DhAAL
|
| 042 |
|
|
|a pcc
|
| 050 |
0 |
0 |
|a HT170
|b .R46 2005
|
| 082 |
0 |
0 |
|a 307.3/416/09
|2 22
|
| 245 |
0 |
4 |
|a The resilient city :
|b how modern cities recover from disaster /
|c [edited by] Lawrence J. Vale and Thomas J. Campanella.
|
| 260 |
|
|
|a New York :
|b Oxford University Press,
|c 2005.
|
| 300 |
|
|
|a xiv, 376 p :
|b ill. ;
|c 23 cm.
|
| 504 |
|
|
|a Includes bibliographical references.
|
| 541 |
|
|
|e 00013413
|
| 650 |
|
0 |
|a Urban renewal
|x History.
|
| 650 |
|
0 |
|a Disasters
|x History.
|
| 700 |
1 |
|
|a Vale, Lawrence J.,
|d 1959-
|
| 700 |
1 |
|
|a Campanella, Thomas J.
|
| 852 |
1 |
|
|a Ayesha Abed Library
|c General Shelf.
|
| 999 |
|
|
|c 11019
|d 11019
|
| 952 |
|
|
|0 0
|1 0
|2 ddc
|4 0
|6 307_341609000000000_RES
|7 0
|9 17327
|a BRACUL
|b BRACUL
|c GEN
|d 2011-06-30
|g 1750.00
|l 2
|m 5
|o 307.341609 RES
|p 3010013413
|r 2014-01-30
|s 2013-12-26
|t 1
|w 2011-06-30
|y BK
|